=LDR 00000nam 2200000 4500 =001 INLIS000000000051548 =005 20200304074441 =035 ##$$a 0010-0917000352 =007 ta =008 200304################g##########0#ind## =020 ##$$a 978.602.7900.37-0 =082 ##$$a 297.901 =084 ##$$a 297.901 MUR w =100 #$$a Murtafi'atun =245 1#$$a Wow 200 temuan Islam terbesar dan terhebat sepanjang sejaran /$c Murtafi'atun, A.Md.;S.S. =260 ##$$a Yogyakarta :$b Indoliterasi,$c 2014 =300 ##$$a viii, 174 hlm. : $b ilus. ; $c 23 X 14 cm =500 ##$$a Biografi : hlm. 174 =650 #4$$a Historiografi Islam =504 ##$$a Bibliografi : hlm. 170 - 173 =250 ##$$a cet.1 =990 ##$$a 21704565 =990 ##$$a 21704564 =990 ##$$a 21704563 =990 ##$$a 21704562 =990 ##$$a 21704561